Difusión de la ciencia en la España ilustrada: estampas de la real calcografía
Na minha lista:
| Autor principal: | |
|---|---|
| Formato: | Livro |
| Idioma: | espanhol |
| Publicado em: |
Madrid, España
Consejo Superior de Investigaciones Científicas
1989
|
| Assuntos: | |
| Tags: |
Adicionar Tag
Sem tags, seja o primeiro a adicionar uma tag!
|
MARC
| LEADER | 00000nam a2200000 a 4500 | ||
|---|---|---|---|
| 001 | UCG3859 | ||
| 003 | CL-VaPUC | ||
| 005 | 20210805001736.0 | ||
| 008 | 100916e19890000SP |||||||||||||||||spa|d | ||
| 999 | |c 342824 |d 342822 | ||
| 020 | |a 8400069951 | ||
| 040 | |c Pontificia Universidad Católica de Valparaíso | ||
| 082 | 0 | 4 | |a 502 CAR 1989 |2 21 |
| 100 | 0 | |a Carrete Parrondo, Juan |e author |9 553174 | |
| 245 | 1 | 0 | |a Difusión de la ciencia en la España ilustrada: |b estampas de la real calcografía |
| 260 | |a Madrid, España |b Consejo Superior de Investigaciones Científicas |c 1989 | ||
| 300 | |a 395 páginas | ||
| 583 | |a last modification |c 20100916 00:00:00 |k Rodrigo Vera | ||
| 650 | 0 | |a Ciencia |z ESPAÑA |9 255691 | |
| 650 | 0 | |a Ilustración |z ESPAÑA |9 313124 | |
| 852 | |a BIBCUR | ||
| 942 | |c BK |2 ddc | ||
| 945 | |d 20100916 00:00:00 |a mfarfan | ||
| 952 | |0 0 |1 0 |2 ddc |4 0 |6 502_000000000000000_CAR_1989 |7 0 |8 X |9 439404 |a FDOBUD |b FDOBUD |d 2019-11-22 |i 4711483 |o 502 CAR 1989 |p 4711483 |r 2019-11-22 |t 1 |w 2019-11-22 |y BK_X |k BUD | ||